000
00338nam a2200133Ia 4500
008
100328s9999 xx 000 0 und d
082
_b
55842
100
_a
कुलकर्णी पद्मा
245
_a
किथी
260
_b
प्राजक्त
630
_a
किथी
730
_a
किथी
942
_c
BOOK
999
_c
542460
_d
542457